00501nam a2200169 i 4500001001100000003000500011005001700016008004100033040002500074082001200099245004300111264008400154300002400238336002100262337002500283338002300308C2-0281082PPAK20180728011815.0070801s2000 my |||| ||||| | may d aPPAKbengcPPAKerda04a32022300aPolitik (Keratan Akhbar Koleksi Kedah) 1aAlor Setar, Kedah : bPerbadanan Perpustakaan Awam Kedah , c2000 (Jan - April) a131 pages ; c33 cm 2rdacontentatext 2rdamediaaunmediated 2rdacarrieravolume